Normal view
MARC view
Entry Personal Name
001 - CONTROL NUMBER
- control field: 17681
003 - CONTROL NUMBER IDENTIFIER
- control field: BD-RjUL
005 - DATE AND TIME OF LATEST TRANSACTION
- control field: 20260205124027.0
008 - FIXED-LENGTH DATA ELEMENTS
- fixed length control field: 260205|| aca||aabn | a|a d
040 ## - CATALOGING SOURCE
- Original cataloging agency: BD-RjUL
- Transcribing agency: BD-RjUL
100 ## - HEADING--PERSONAL NAME
- Personal name: Hasan, Mumtaz
670 ## - SOURCE DATA FOUND
- Source citation: Work cat.: (BD-RjUL)86163: Shah, Waris 17678, The adventures of Hir and Ranjha / Waris Shah; Mumtaz Hasan, Charles Frederick Usborne, 1966